000 02888cam a22006254i 4500
003 PE-LiUPU
005 20250731180147.0
008 150706s r 000 0 d
020 _a9789682478789
035 _a(Sirsi) i9789682478789
040 _aPE-LiUPU
_bspa
_cPE-LiUPU
_erda
049 _aPRUA
082 0 4 _a511.7
_bI692007
_221
100 1 _aIriarte V. Balderrama, Rafael,
_eautor.
245 1 0 _aMétodos numéricos /
_cRafael Iriarte V. Balderrama.
250 _a2a ed.
264 1 _aMéxico :
_bTrillas,
_c2007.
300 _a268 páginas :
_bilustraciones ;
_c23 cm.
336 _atext
_2rdacontent
337 _aunmediated
_2rdamedia
338 _avolume
_2rdacarrier
504 _aIncluye bibliografía.
505 0 _aAproximación numérica y errores -- Solución numérica de ecuaciones algebraicas y trascendentes -- Solución numérica de sistemas de ecuaciones lineales -- Polinomios de Taylor Interpolación, derivación e integración numérica -- Solución numérica de ecuaciones diferenciales -- Solución numérica de ecuaciones en derivadas parciales.
526 _aSEG44
526 _aSEG26
526 _aP159
526 _aP155
526 _aP154
526 _aP153
526 _aP150
526 _aP100
526 _aP31
526 _aP30
526 _aP26
526 _aP25
526 _aP24
526 _aP22
526 _aP15
526 _aP10
541 _g001-0035421;
541 _g015-0015322;
541 _g015-001535;
650 0 4 _aCálculo numérico.
650 0 4 _aInterpoblación.
910 _bjv
_cng
_d20120620
942 _2ddc
_cBOOK
949 _a511.7 I69 2007
_wDEWEY
_c1
_i65031
_lCCODEBUL1
_mBUL
_p20.00
_r0
_sY
_tBOOK
_u2015-7-6
_xINGENIERIA
_zUNKNOWN
_o.STAFF. Colección General
949 _a511.7 I69 2007
_wDEWEY
_c2
_i67245
_lCCODEBUL1
_mBUL
_p20.00
_r0
_sY
_tBOOK
_u2015-7-6
_xINGENIERIA
_zUNKNOWN
_o.STAFF. Colección General
949 _a511.7 I69 2007
_wDEWEY
_c3
_i67364
_lCCODEBUL1
_mBUL
_p20.00
_r0
_sY
_tBOOK
_u2015-7-6
_xINGENIERIA
_PP25
_o.STAFF. Colección General
994 _aC0
_bPEPRU
596 _a1
999 _a511.7 I69 2007
_wDEWEY
_c53720
_i65031
_d53720
_e2018-4-12
_f2021-11-9
_g7
_lCCODEBUL1
_mBUL
_n1
_p20.00
_r0
_sY
_tBOOK
_u2015-7-6
_xINGENIERIA
_zUNKNOWN
_0COMPRA
_o.STAFF. Colección General
999 _a511.7 I69 2007
_wDEWEY
_c2
_i67245
_d2015-10-14
_e2015-10-13
_f2021-11-9
_g7
_lCCODEBUL1
_mBUL
_n1
_p20.00
_r0
_sY
_tBOOK
_u2015-7-6
_xINGENIERIA
_zUNKNOWN
_0COMPRA
_o.STAFF. Colección General
999 _a511.7 I69 2007
_wDEWEY
_c3
_i67364
_d2018-4-1
_e2018-3-8
_f2021-11-9
_g7
_lCCODEBUL1
_mBUL
_n4
_p20.00
_q2
_r0
_sY
_tBOOK
_u2015-7-6
_xINGENIERIA
_PP25
_0COMPRA
_o.STAFF. Colección General
980 _81
_gALBERTO SANCHEZ Responsable de Automatización